000 00757nam a2200253Ia 4500
003 OSt
005 20220923225234.0
006 a|||||r|||| 00| 0
007 ta
008 220922b |||||||| |||| 00| 0 hin d
024 _a260,985
037 _cTextual
040 _aARTS
_cARTS
_bhin
041 _2hin
_ahin
082 _aO152,1J94:g, K7
100 _aओम्प्रकाश
245 0 _aबिहारी
246 _aBihārī
260 _aदिल्ली
_b राधाकृष्ण प्रकाशन
_c1973
300 _a196पृ.
_ccm.
650 _aहिन्दी साहित्य
_9156264
942 _hO152,1J94:g, K7
_cTEXL
_2CC
999 _c376931
_d376931